000 00643nam a2200205Ia 4500
005 20250508160049.0
008 008 250505s9999 xx 000 0 eng d
037 _aTextual
040 _aFEDL
_beng
_cFEDL
041 _aeng
_2eng
084 _a973.07, NAT
_qFEDL
100 _aThursfield Richard E Ed.
_9760346
245 0 _aStudy and teaching of American history
245 4 _cThe National Council for the Social Studies
260 _aWashington, USA
_bNational Education Association
_c1950
300 _axviii,442p
546 _a1946 Seventeenth yearbook
942 _cTEXL
_h973.07, NAT
999 _c1361469
_d1361469